000 01858nam a2200277Ia 4500
999 _c40579
_d40579
001 7204
003 GE_BSU
005 20200319191634.0
008 181216s2011||||ge |||||||||||||| ||geo||
020 _a978994110495.
040 _cGE_BSU
041 _ageo
080 _a343(479.22)(075.8) ს-54
245 _aსისხლის სამართლის კერძო ნაწილი:
_bწ.2. : სახელმძღვანელო /
_cავტ.: მზია ლეკვეიშვილი ; გოჩა მამულაიშვილი ; ნინო გვეტაძე [და სხვ ] რედ. გ. მამულაიშვილი.
250 _aმეოთხე გამოც.(2ტ.გადამუშ.გამოც).
264 _aთბილისი.:
_bმერიდიანი,
_c2011.
300 _a769 გვ.:
_c21 სმ.
653 _aსისხლის სამართლის კერძო ნაწილი
653 _aსამართალი
700 _a ლეკვეიშვილი, მზია
_97761
700 _aმამულაიშვილი, გოჩა
_97762
700 _aგვეტაძე, ნინო
_97763
700 _a.მამულაიშვილი, გ
_eრედაქტორი
_97764
710 _aიბეჭდება ივ.ჯავახიშვილის თბ. უნ-ტის იურიდ.ფაკ.სისხლის სამართლის მიმართულებების რეკომენდაციით.
_97765
942 _cBK
_2udc